Principles of administrative law / M.P. Jain & S.N. Jain. (Record no. 22249)
| 000 -LEADER | |
|---|---|
| fixed length control field | 00537nam a22001817a 4500 |
| 020 ## - INTERNATIONAL STANDARD BOOK NUMBER | |
| ISBN | 978119403141 |
| 082 ## - DEWEY DECIMAL CLASSIFICATION NUMBER | |
| Classification number | 342.5406 |
| Item number | J25p 2024 |
| 100 ## - MAIN ENTRY--AUTHOR NAME | |
| Personal name | Jain, M.P., author |
| 245 ## - TITLE STATEMENT | |
| Title | Principles of administrative law / M.P. Jain & S.N. Jain. |
| 250 ## - EDITION STATEMENT | |
| Edition statement | 8th edition. |
| 260 ## - PUBLICATION, DISTRIBUTION, ETC. (IMPRINT) | |
| Place of publication | India: |
| Name of publisher | LexisNexis, |
| Year of publication | c2024. |
| 300 ## - PHYSICAL DESCRIPTION | |
| Number of Pages | 1 online resource, cxciv, 1123 pages. |
| 500 ## - GENERAL NOTE | |
| General note | Includes bibliographical references and index. |
| 650 ## - SUBJECT ADDED ENTRY--TOPICAL TERM | |
| Topical Term | Administrative law. |
| 700 ## - ADDED ENTRY--PERSONAL NAME | |
| Personal name | Jain, S.N. |
| 700 ## - ADDED ENTRY--PERSONAL NAME | |
| Personal name | Dhanda, Amita. |
| 942 ## - ADDED ENTRY ELEMENTS (KOHA) | |
| Koha item type | Electronic Books |
| Source of acquisition | Permanent Location | Date acquired | Collection code | Koha item type | Lost status | Shelving location | Withdrawn status | Current Location | Full call number |
|---|---|---|---|---|---|---|---|---|---|
| Donation | Cagayan State University - Carig Library | 2026-04-16 | E-Books | Electronic Books | E-Resource Section | Cagayan State University - Carig Library | 342.5406 J25p 2024 |